[Event "RUS-chTW Premier 2019"]
[Site "Sochi"]
[Date "2019.05.07"]
[Round "6.6"]
[White "Pogonina, Natalija"]
[Black "Dordzhieva, Dinara"]
[Result "1/2-1/2"]
[WhiteElo "2453"]
[BlackElo "2280"]
[Annotator "ChessBase"]
[PlyCount "135"]
[EventDate "2019.05.01"]
[EventType "team-tourn"]
[EventCountry "RUS"]
[SourceTitle "playchess.com"]
[Source "ChessBase"]
[SourceQuality "1"]
[TimeControl "40/5400+30:1800+30"]

1. d4 {[%emt 0:00:00]} d5 {[%emt 0:00:00]} 2. c4 {[%emt 0:00:00]} e6 {[%emt 0:00:00]} 3. Nf3 {[%emt 0:00:03]} Nf6 {[%emt 0:00:00]} 4. g3 {[%emt 0:00:21]} dxc4 {[%emt 0:00:15]} 5. Bg2 {[%emt 0:00:22]} c6 {[%emt 0:00:10]} 6. O-O {[%emt 0:07:39]} b5 {[%emt 0:00:15]} 7. Ne5 {[%emt 0:01:59]} Bb7 {[%emt 0:00:10]} 8. a4 {[%emt 0:00:14]} Qc8 {[%emt 0:00:17]} 9. b3 {[%emt 0:07:25]} cxb3 {[%emt 0:01:26]} 10. Qxb3 {[%emt 0:00:13]} a6 {[%emt 0:00:48]} 11. Bg5 {[%emt 0:04:20]} Be7 {[%emt 0:05:07]} 12. Nd2 {[%emt 0:17:11]} O-O {[%emt 0:20:11]} 13. Rfc1 {[%emt 0:02:48]} Qd8 {[%emt 0:12:47]} 14. e3 {[%emt 0:06:29]} Nd5 {[%emt 0:10:58]} 15. Bxe7 {[%emt 0:03:51]} Qxe7 {[%emt 0:01:15]} 16. Ne4 {[%emt 0:00:56]} Nd7 {[%emt 0:13:56]} 17. Nxc6 {[%emt 0:10:59]} Bxc6 {[%emt 0:00:11]} 18. Rxc6 {[%emt 0:00:05]} bxa4 {[%emt 0:02:30]} 19. Qxa4 {[%emt 0:00:21]} a5 {[%emt 0:00:30]} 20. Nc3 {[%emt 0:07:54]} N7b6 {[%emt 0:07:31]} 21. Nxd5 {[%emt 0:02:00]} Nxd5 {[%emt 0:00:29]} 22. Rc5 {[%emt 0:01:28]} Rfd8 {[%emt 0:02:06]} 23. Rxa5 {[%emt 0:03:00]} Rxa5 {[%emt 0:01:46]} 24. Qxa5 {[%emt 0:00:06]} h6 {[%emt 0:00:02]} 25. Rc1 {[%emt 0:02:34]} Qd6 {[%emt 0:03:46]} 26. Qc5 {[%emt 0:05:41]} Qb8 {[%emt 0:01:05]} 27. h3 {[%emt 0:01:08]} Qb2 {[%emt 0:00:37]} 28. Qc2 {[%emt 0:01:39]} Qa3 {[%emt 0:01:31]} 29. Rb1 {[%emt 0:00:29]} Qe7 {[%emt 0:02:21]} 30. Rb5 {[%emt 0:01:23]} Qd7 {[%emt 0:01:39]} 31. Rc5 {[%emt 0:00:35]} g6 {[%emt 0:00:28]} 32. Bf3 {[%emt 0:01:25]} h5 {[%emt 0:00:33]} 33. h4 {[%emt 0:00:59]} Qd6 {[%emt 0:01:58]} 34. Kg2 {[%emt 0:00:54]} Kg7 {[%emt 0:00:04]} 35. Qc4 {[%emt 0:00:56]} Qd7 {[%emt 0:01:12]} 36. Qb5 {[%emt 0:01:45]} Qe7 {[%emt 0:00:46]} 37. Qc4 {[%emt 0:04:12]} Qd7 {[%emt 0:02:15]} 38. Qa6 {[%emt 0:01:10]} Qe7 {[%emt 0:00:32]} 39. Qa5 {[%emt 0:01:51]} Qd7 {[%emt 0:01:25]} 40. Qa6 {[%emt 0:00:00]} Qe7 {[%emt 0:00:00]} 41. Qa5 {[%emt 0:10:58]} Qd6 {[%emt 0:18:47]} 42. Bxd5 {[%emt 0:08:58]} exd5 {[%emt 0:00:12]} 43. Qc7 {[%emt 0:00:09]} Qxc7 {[%emt 0:05:50]} 44. Rxc7 {[%emt 0:00:05]} Kf6 {[%emt 0:00:02]} 45. Rc6+ {[%emt 0:07:20]} Ke7 {[%emt 0:00:30]} 46. Kf3 {[%emt 0:00:20]} Rb8 {[%emt 0:02:01]} 47. Kf4 {[%emt 0:00:52]} Rb2 {[%emt 0:00:19]} 48. f3 {[%emt 0:01:32]} Rf2 {[%emt 0:00:39]} 49. Ra6 {[%emt 0:01:01]} Rf1 {[%emt 0:00:25]} 50. Ra8 {[%emt 0:02:08]} Rf2 {[%emt 0:00:44]} 51. g4 {[%emt 0:00:56]} hxg4 {[%emt 0:00:29]} 52. Kxg4 {[%emt 0:00:04]} Rh2 {[%emt 0:01:07]} 53. e4 {[%emt 0:01:33]} dxe4 {[%emt 0:04:05]} 54. fxe4 {[%emt 0:00:05]} Re2 {[%emt 0:00:57]} 55. Kf4 {[%emt 0:00:23]} Rh2 {[%emt 0:00:40]} 56. Rh8 {[%emt 0:01:58]} Kf6 {[%emt 0:02:09]} 57. d5 {[%emt 0:00:26]} Kg7 {[%emt 0:01:03]} 58. Kg3 {[%emt 0:00:21]} Rd2 {[%emt 0:00:39]} 59. Re8 {[%emt 0:00:31]} f5 {[%emt 0:01:37]} 60. Re7+ {[%emt 0:01:06]} Kf8 {[%emt 0:01:57]} 61. Re5 {[%emt 0:01:01]} fxe4 {[%emt 0:01:04]} 62. Kf4 {[%emt 0:00:30]} Rh2 {[%emt 0:01:45]} 63. Kg5 {[%emt 0:00:42]} Kf7 {[%emt 0:00:43]} 64. Rxe4 {[%emt 0:00:21]} Rd2 {[%emt 0:00:03]} 65. Re5 {[%emt 0:00:42]} Rd4 {[%emt 0:00:03]} 66. h5 {[%emt 0:01:14]} gxh5 {[%emt 0:00:06]} 67. Rf5+ {[%emt 0:00:10]} Ke7 {[%emt 0:00:04]} 68. Kxh5 1/2-1/2

[Event "RUS-chTW Premier 2019"]
[Site "Sochi"]
[Date "2019.05.07"]
[Round "6.7"]
[White "Maltsevskaya, Aleksandra"]
[Black "Girya, Olga"]
[Result "1/2-1/2"]
[WhiteElo "2299"]
[BlackElo "2449"]
[Annotator "ChessBase"]
[PlyCount "106"]
[EventDate "2019.05.01"]
[EventType "team-tourn"]
[EventCountry "RUS"]
[SourceTitle "playchess.com"]
[Source "ChessBase"]
[SourceQuality "1"]
[TimeControl "40/5400+30:1800+30"]

1. e4 {[%emt 0:00:00]} c6 {[%emt 0:00:00]} 2. Nc3 {[%emt 0:00:00]} d5 {[%emt 0:00:00]} 3. Nf3 {[%emt 0:00:00]} Bg4 {[%emt 0:00:00]} 4. h3 {[%emt 0:00:00]} Bxf3 {[%emt 0:00:00]} 5. Qxf3 {[%emt 0:00:00]} Nf6 {[%emt 0:00:14]} 6. d3 {[%emt 0:00:52]} e6 {[%emt 0:00:12]} 7. g3 {[%emt 0:03:23]} Nbd7 {[%emt 0:06:28]} 8. Bg2 {[%emt 0:00:42]} Bc5 {[%emt 0:01:03]} 9. O-O {[%emt 0:00:45]} O-O {[%emt 0:00:30]} 10. g4 {[%emt 0:04:10]} b5 {[%emt 0:12:21]} 11. Kh1 {[%emt 0:13:35]} a5 {[%emt 0:18:52]} 12. Qg3 {[%emt 0:03:47]} a4 {[%emt 0:03:29]} 13. a3 {[%emt 0:23:27]} Kh8 {[%emt 0:03:11]} 14. f4 Qb8 15. e5 {[%emt 0:11:23]} Ng8 {[%emt 0:00:58]} 16. Ne2 {[%emt 0:00:05]} Ba7 {[%emt 0:05:40]} 17. c3 {[%emt 0:02:30]} c5 {[%emt 0:03:22]} 18. c4 {[%emt 0:05:37]} Ne7 {[%emt 0:05:18]} 19. cxd5 {[%emt 0:02:31]} exd5 {[%emt 0:06:06]} 20. Nc3 {[%emt 0:00:04]} Qb7 {[%emt 0:01:55]} 21. Qh4 {[%emt 0:06:49]} Rae8 {[%emt 0:14:32]} 22. f5 {[%emt 0:00:34]} b4 {[%emt 0:00:30]} 23. Ne2 {[%emt 0:09:40]} Nxe5 {[%emt 0:02:48]} 24. f6 {[%emt 0:00:30]} Ng8 {[%emt 0:00:07]} 25. fxg7+ {[%emt 0:05:14]} Kxg7 {[%emt 0:00:01]} 26. Ng3 {[%emt 0:00:22]} Qc6 {[%emt 0:04:37]} 27. Bh6+ {[%emt 0:05:14]} Nxh6 {[%emt 0:01:52]} 28. Rf6 {[%emt 0:00:05]} Ng6 {[%emt 0:00:27]} 29. Qg5 {[%emt 0:01:06]} Re5 {[%emt 0:05:41]} 30. Nh5+ {[%emt 0:00:05]} Kg8 {[%emt 0:00:07]} 31. Qxh6 {[%emt 0:00:23]} Rxh5 {[%emt 0:00:04]} 32. Qxf8+ {[%emt 0:00:05]} Kxf8 {[%emt 0:00:47]} 33. Rxc6 {[%emt 0:00:04]} Re5 {[%emt 0:00:02]} 34. Rc7 {[%emt 0:01:00]} Bb6 {[%emt 0:00:28]} 35. Rb7 {[%emt 0:00:07]} Ba5 {[%emt 0:02:04]} 36. Rb5 {[%emt 0:00:37]} bxa3 {[%emt 0:00:16]} 37. bxa3 {[%emt 0:02:44]} Bc3 {[%emt 0:00:18]} 38. Rf1 {[%emt 0:00:04]} d4 {[%emt 0:01:06]} 39. Rb7 {[%emt 0:01:08]} Ne7 {[%emt 0:00:17]} 40. Ra7 {[%emt 0:00:00]} Re3 {[%emt 0:00:00]} 41. Be4 {[%emt 0:10:36]} c4 {[%emt 0:03:41]} 42. Rd1 {[%emt 0:00:06]} Bb2 {[%emt 0:06:51]} 43. Rc7 {[%emt 0:10:56]} cxd3 {[%emt 0:08:24]} 44. Bxd3 {[%emt 0:00:13]} Nd5 {[%emt 0:00:23]} 45. Rb7 {[%emt 0:01:20]} Rxh3+ {[%emt 0:01:18]} 46. Kg1 {[%emt 0:00:34]} Bxa3 {[%emt 0:01:02]} 47. Bc4 {[%emt 0:01:38]} Ne3 {[%emt 0:06:35]} 48. Rxd4 {[%emt 0:01:03]} Nxc4 {[%emt 0:00:04]} 49. Rxc4 {[%emt 0:00:06]} Rb3 {[%emt 0:02:03]} 50. Ra7 {[%emt 0:00:34]} Bd6 {[%emt 0:03:05]} 51. Raxa4 {[%emt 0:00:11]} Rb5 {[%emt 0:00:12]} 52. Kg2 {[%emt 0:00:10]} h5 {[%emt 0:00:25]} 53. gxh5 {[%emt 0:00:54]} Rxh5 {[%emt 0:00:12]} 1/2-1/2

[Event "RUS-chTW Premier 2019"]
[Site "Sochi"]
[Date "2019.05.07"]
[Round "6.8"]
[White "Guseva, Marina"]
[Black "Diakonova, Ekaterina"]
[Result "1/2-1/2"]
[WhiteElo "2402"]
[BlackElo "2211"]
[Annotator "NA"]
[PlyCount "87"]
[EventDate "2019.05.01"]
[EventType "team-tourn"]
[EventCountry "RUS"]
[SourceTitle "playchess.com"]
[Source "ChessBase"]
[SourceQuality "1"]
[TimeControl "40/5400+30:1800+30"]

1. d4 {[%emt 0:00:00]} Nf6 {[%emt 0:00:00]} 2. c4 {[%emt 0:00:00]} g6 {[%emt 0:00:00]} 3. Nf3 {[%emt 0:00:00]} Bg7 {[%emt 0:00:00]} 4. g3 {[%emt 0:00:00]} O-O {[%emt 0:00:00]} 5. Bg2 {[%emt 0:00:00]} c6 {[%emt 0:00:00]} 6. O-O {[%emt 0:00:00]} d5 {[%emt 0:00:00]} 7. Qb3 {[%emt 0:00:02]} Qb6 {[%emt 0:00:04]} 8. Nc3 {[%emt 0:00:04]} Rd8 {[%emt 0:00:07]} 9. Rd1 {[%emt 0:00:06]} Bf5 {[%emt 0:00:05]} 10. Ne1 {[%emt 0:00:05]} dxc4 {[%emt 0:00:06]} 11. Qxc4 {[%emt 0:00:05]} Na6 {[%emt 0:00:09]} 12. e4 {[%emt 0:00:47]} Be6 {[%emt 0:00:06]} 13. Qa4 {[%emt 0:00:11]} Nb4 {[%emt 0:00:08]} 14. Qa3 {[%emt 0:33:07]} a5 {[%emt 0:10:53]} 15. Be3 {[%emt 0:16:17]} Ng4 {[%emt 0:03:39]} 16. Na4 {[%emt 0:00:38]} Qa7 {[%emt 0:03:45]} 17. Nc5 {[%emt 0:02:18]} Bxa2 {[%emt 0:09:03]} 18. Rxa2 {[%emt 0:02:11]} Nxe3 {[%emt 0:02:20]} 19. fxe3 {[%emt 0:00:21]} Nxa2 {[%emt 0:01:40]} 20. Qxa2 {[%emt 0:00:04]} e5 {[%emt 0:05:59]} 21. Qc4 {[%emt 0:02:58]} exd4 {[%emt 0:07:06]} 22. exd4 {[%emt 0:19:54]} b6 {[%emt 0:01:09]} 23. Ncd3 {[%emt 0:00:15]} Bxd4+ {[%emt 0:02:05]} 24. Kh1 {[%emt 0:00:50]} Rac8 {[%emt 0:04:10]} 25. Qc2 {[%emt 0:02:48]} Qe7 {[%emt 0:12:02]} 26. Nf3 {[%emt 0:02:24]} b5 {[%emt 0:04:01]} 27. Rf1 {[%emt 0:03:13]} a4 {[%emt 0:04:21]} 28. h4 {[%emt 0:03:16]} a3 {[%emt 0:09:26]} 29. bxa3 {[%emt 0:00:19]} Qxa3 {[%emt 0:08:20]} 30. Nxd4 {[%emt 0:02:13]} Qd6 {[%emt 0:00:41]} 31. Nf5 {[%emt 0:00:48]} gxf5 {[%emt 0:00:34]} 32. Nf4 {[%emt 0:00:23]} b4 {[%emt 0:05:49]} 33. exf5 {[%emt 0:00:12]} Qd2 {[%emt 0:00:40]} 34. Qb3 {[%emt 0:03:44]} Ra8 {[%emt 0:01:23]} 35. Qf3 {[%emt 0:01:27]} Qc3 {[%emt 0:02:16]} 36. Qxc3 {[%emt 0:03:43]} bxc3 {[%emt 0:00:01]} 37. Rc1 {[%emt 0:00:09]} Ra3 {[%emt 0:00:45]} 38. Ne2 {[%emt 0:01:21]} Rd3 {[%emt 0:02:18]} 39. Kg1 {[%emt 0:00:04]} Ra5 {[%emt 0:01:21]} 40. Bxc6 {[%emt 0:00:00]} Rd2 {[%emt 0:00:00]} 41. Bf3 {[%emt 0:12:46]} Rxf5 {[%emt 0:08:27]} 42. Bg4 {[%emt 0:00:13]} Re5 {[%emt 0:06:34]} 43. Rxc3 {[%emt 0:07:56]} Rdxe2 {[%emt 0:00:56]} 44. Bxe2 {[%emt 0:00:03]} 1/2-1/2

[Event "RUS-chTW Premier 2019"]
[Site "Sochi"]
[Date "2019.05.07"]
[Round "6.9"]
[White "Sudakova, Irina"]
[Black "Schepetkova, Margarita"]
[Result "1-0"]
[WhiteElo "2313"]
[BlackElo "2224"]
[Annotator "NA"]
[PlyCount "93"]
[EventDate "2019.05.01"]
[EventType "team-tourn"]
[EventCountry "RUS"]
[SourceTitle "playchess.com"]
[Source "ChessBase"]
[SourceQuality "1"]
[TimeControl "40/5400+30:1800+30"]

1. e4 {[%emt 0:00:00]} c6 {[%emt 0:00:00]} 2. d4 {[%emt 0:00:00]} d5 {[%emt 0:00:00]} 3. exd5 {[%emt 0:00:00]} cxd5 {[%emt 0:00:00]} 4. Bd3 {[%emt 0:00:04]} Nc6 {[%emt 0:00:35]} 5. c3 {[%emt 0:00:30]} Qc7 {[%emt 0:00:17]} 6. h3 {[%emt 0:00:53]} Nf6 {[%emt 0:03:28]} 7. Nf3 {[%emt 0:02:43]} g6 {[%emt 0:00:18]} 8. Qc2 {[%emt 0:01:25]} Nh5 {[%emt 0:01:09]} 9. O-O {[%emt 0:04:49]} Nf4 {[%emt 0:00:07]} 10. Bb5 {[%emt 0:03:58]} Bg7 {[%emt 0:19:32]} 11. Ne5 {[%emt 0:16:30]} Bxe5 {[%emt 0:03:00]} 12. dxe5 {[%emt 0:00:49]} Qxe5 {[%emt 0:08:58]} 13. Qd2 {[%emt 0:14:32]} Ne6 {[%emt 0:06:32]} 14. Re1 {[%emt 0:01:49]} Qd6 {[%emt 0:00:17]} 15. c4 {[%emt 0:01:39]} dxc4 {[%emt 0:01:05]} 16. Qxd6 {[%emt 0:01:02]} exd6 {[%emt 0:00:04]} 17. Bxc4 {[%emt 0:00:21]} O-O {[%emt 0:11:18]} 18. Bh6 {[%emt 0:02:40]} Rd8 {[%emt 0:02:10]} 19. Nc3 {[%emt 0:00:50]} Ned4 {[%emt 0:08:50]} 20. Bg5 {[%emt 0:06:04]} Rf8 {[%emt 0:00:14]} 21. Rad1 {[%emt 0:01:01]} Be6 {[%emt 0:12:54]} 22. Nd5 {[%emt 0:07:07]} Bxd5 {[%emt 0:02:12]} 23. Bxd5 {[%emt 0:00:14]} Kg7 {[%emt 0:08:21]} 24. Re4 {[%emt 0:11:10]} f6 {[%emt 0:02:31]} 25. Rdxd4 {[%emt 0:04:28]} Nxd4 {[%emt 0:03:24]} 26. Re7+ {[%emt 0:00:09]} Kh8 {[%emt 0:00:01]} 27. Bh6 {[%emt 0:00:31]} Nf5 {[%emt 0:01:15]} 28. Bxf8 {[%emt 0:00:37]} Rxf8 {[%emt 0:00:05]} 29. Rxb7 {[%emt 0:00:21]} Rc8 {[%emt 0:00:56]} 30. Rxa7 {[%emt 0:09:58]} Rc1+ {[%emt 0:00:28]} 31. Kh2 {[%emt 0:00:04]} Rc2 {[%emt 0:00:03]} 32. Rb7 {[%emt 0:00:22]} Rxf2 {[%emt 0:01:32]} 33. a4 {[%emt 0:02:29]} Rf4 {[%emt 0:02:29]} 34. b4 {[%emt 0:03:11]} Ne3 {[%emt 0:01:45]} 35. Bf3 {[%emt 0:02:33]} Nc2 {[%emt 0:00:16]} 36. a5 {[%emt 0:00:39]} Nxb4 {[%emt 0:00:05]} 37. Rb6 {[%emt 0:00:49]} Rd4 {[%emt 0:00:04]} 38. a6 {[%emt 0:00:22]} Nxa6 {[%emt 0:00:03]} 39. Rxa6 {[%emt 0:00:05]} Kg7 {[%emt 0:00:44]} 40. Ra7+ {[%emt 0:00:00]} Kh6 {[%emt 0:00:00]} 41. Kg3 {[%emt 0:02:05]} g5 {[%emt 0:00:16]} 42. Kf2 {[%emt 0:03:30]} f5 {[%emt 0:01:37]} 43. Ke3 {[%emt 0:03:41]} Rb4 {[%emt 0:00:45]} 44. Ra6 {[%emt 0:06:07]} g4 {[%emt 0:00:17]} 45. hxg4 {[%emt 0:03:00]} fxg4 {[%emt 0:00:03]} 46. Be4 {[%emt 0:02:40]} Rb3+ {[%emt 0:00:49]} 47. Kf4 {[%emt 0:00:11]} 1-0

[Event "RUS-chTW Premier 2019"]
[Site "Sochi"]
[Date "2019.05.07"]
[Round "6.10"]
[White "Trapeznikova, Darya"]
[Black "Protopopova, Anastasiya"]
[Result "1/2-1/2"]
[WhiteElo "2090"]
[BlackElo "2249"]
[Annotator "NA"]
[PlyCount "87"]
[EventDate "2019.05.01"]
[EventType "team-tourn"]
[EventCountry "RUS"]
[SourceTitle "playchess.com"]
[Source "ChessBase"]
[SourceQuality "1"]
[TimeControl "40/5400+30:1800+30"]

1. Nf3 {[%emt 0:00:00]} Nf6 {[%emt 0:00:47]} 2. e3 {[%emt 0:00:37]} b6 {[%emt 0:01:02]} 3. c4 {[%emt 0:00:30]} Bb7 {[%emt 0:02:40]} 4. Nc3 {[%emt 0:00:43]} g6 {[%emt 0:03:54]} 5. b3 {[%emt 0:01:51]} Bg7 {[%emt 0:00:30]} 6. Bb2 {[%emt 0:00:24]} O-O {[%emt 0:02:18]} 7. Be2 {[%emt 0:01:19]} c5 {[%emt 0:06:34]} 8. O-O {[%emt 0:02:35]} Nc6 {[%emt 0:02:30]} 9. d4 {[%emt 0:04:54]} cxd4 {[%emt 0:05:55]} 10. Nxd4 {[%emt 0:04:52]} Nxd4 {[%emt 0:07:36]} 11. Qxd4 {[%emt 0:05:22]} Ne4 {[%emt 0:05:33]} 12. Qd3 {[%emt 0:01:21]} Nc5 {[%emt 0:01:21]} 13. Qd2 {[%emt 0:07:11]} e6 {[%emt 0:05:18]} 14. Rfd1 {[%emt 0:06:27]} Qg5 {[%emt 0:03:03]} 15. Bf1 {[%emt 0:00:47]} Bf3 {[%emt 0:07:02]} 16. Re1 {[%emt 0:06:14]} d5 {[%emt 0:05:59]} 17. Kh1 {[%emt 0:09:34]} Bg4 {[%emt 0:19:04]} 18. b4 {[%emt 0:16:21]} Nb7 {[%emt 0:12:53]} 19. f3 {[%emt 0:11:48]} Bf5 {[%emt 0:03:38]} 20. cxd5 {[%emt 0:02:02]} e5 {[%emt 0:00:18]} 21. Qf2 {[%emt 0:02:41]} Qe7 {[%emt 0:00:36]} 22. e4 {[%emt 0:01:58]} Bd7 {[%emt 0:00:02]} 23. a3 {[%emt 0:00:17]} Nd6 {[%emt 0:00:07]} 24. Bd3 {[%emt 0:01:57]} Rfc8 {[%emt 0:01:45]} 25. Qe2 {[%emt 0:00:20]} a5 {[%emt 0:00:15]} 26. Nb5 {[%emt 0:03:29]} axb4 {[%emt 0:01:05]} 27. axb4 {[%emt 0:00:14]} Bxb5 {[%emt 0:01:08]} 28. Bxb5 {[%emt 0:00:15]} Rxa1 {[%emt 0:00:11]} 29. Bxa1 {[%emt 0:00:47]} Qa7 {[%emt 0:00:23]} 30. Bc6 {[%emt 0:01:54]} Qa3 {[%emt 0:00:49]} 31. f4 {[%emt 0:01:34]} f6 {[%emt 0:00:32]} 32. fxe5 {[%emt 0:01:29]} fxe5 {[%emt 0:00:02]} 33. Qg4 {[%emt 0:00:22]} Qxb4 {[%emt 0:00:06]} 34. Qe6+ {[%emt 0:00:14]} Kh8 {[%emt 0:00:02]} 35. Rg1 {[%emt 0:00:34]} Rf8 {[%emt 0:01:17]} 36. Bxe5 {[%emt 0:02:21]} Nxe4 {[%emt 0:00:11]} 37. Bxg7+ {[%emt 0:00:05]} Kxg7 {[%emt 0:00:03]} 38. Qe5+ {[%emt 0:00:25]} Kh6 {[%emt 0:00:15]} 39. h3 {[%emt 0:00:37]} Rf5 {[%emt 0:00:11]} 40. Qb8 {[%emt 0:00:00]} Nf2+ {[%emt 0:00:00]} 41. Kh2 {[%emt 0:01:28]} Ng4+ {[%emt 0:06:55]} 42. Kh1 {[%emt 0:05:20]} Nf2+ {[%emt 0:18:18]} 43. Kh2 {[%emt 0:00:04]} Ng4+ {[%emt 0:00:22]} 44. Kh1 {[%emt 0:00:04]} 1/2-1/2

[Event "RUS-chTW Premier 2019"]
[Site "Sochi"]
[Date "2019.05.07"]
[Round "6.11"]
[White "Lysenko, Margarita"]
[Black "Chan, Naruna"]
[Result "1-0"]
[WhiteElo "2211"]
[BlackElo "1985"]
[Annotator "NA"]
[PlyCount "47"]
[EventDate "2019.05.01"]
[EventType "team-tourn"]
[EventCountry "RUS"]
[SourceTitle "playchess.com"]
[Source "ChessBase"]
[SourceQuality "1"]
[TimeControl "40/5400+30:1800+30"]

1. d4 {[%emt 0:00:00]} Nf6 {[%emt 0:00:00]} 2. Nf3 {[%emt 0:00:57]} e6 {[%emt 0:00:00]} 3. g3 {[%emt 0:00:26]} b6 {[%emt 0:00:13]} 4. Bg2 {[%emt 0:00:10]} Bb7 {[%emt 0:00:07]} 5. O-O {[%emt 0:00:20]} Be7 {[%emt 0:02:50]} 6. c4 {[%emt 0:02:45]} O-O {[%emt 0:03:13]} 7. Re1 {[%emt 0:01:11]} c5 {[%emt 0:05:29]} 8. d5 {[%emt 0:00:35]} d6 {[%emt 0:25:40]} 9. dxe6 {[%emt 0:30:27]} fxe6 {[%emt 0:02:12]} 10. Bh3 {[%emt 0:02:29]} e5 {[%emt 0:05:23]} 11. Nc3 {[%emt 0:02:19]} a6 {[%emt 0:02:18]} 12. Bg5 {[%emt 0:18:29]} Nc6 {[%emt 0:05:41]} 13. Bxf6 {[%emt 0:06:56]} Bxf6 {[%emt 0:00:40]} 14. Nd2 {[%emt 0:00:21]} Kh8 {[%emt 0:08:19]} 15. Nde4 {[%emt 0:01:29]} Be7 {[%emt 0:01:22]} 16. e3 {[%emt 0:01:09]} Qe8 {[%emt 0:11:21]} 17. Bg2 {[%emt 0:06:47]} Qf7 {[%emt 0:02:32]} 18. Nd5 {[%emt 0:04:17]} Nb4 {[%emt 0:03:20]} 19. Nxb6 {[%emt 0:04:41]} Bxe4 {[%emt 0:01:28]} 20. Bxe4 {[%emt 0:00:09]} Qxf2+ {[%emt 0:06:32]} 21. Kh1 {[%emt 0:00:06]} Rab8 {[%emt 0:01:53]} 22. Nd7 {[%emt 0:07:40]} a5 {[%emt 0:04:23]} 23. Nxb8 {[%emt 0:00:39]} Rxb8 {[%emt 0:00:10]} 24. Qh5 {[%emt 0:00:16]} 1-0

[Event "RUS-chTW Premier 2019"]
[Site "Sochi"]
[Date "2019.05.07"]
[Round "6.12"]
[White "Azimova, Karina"]
[Black "Geller, Anastasiya"]
[Result "0-1"]
[WhiteElo "2072"]
[BlackElo "2187"]
[Annotator "NA"]
[PlyCount "117"]
[EventDate "2019.05.01"]
[EventType "team-tourn"]
[EventCountry "RUS"]
[SourceTitle "playchess.com"]
[Source "ChessBase"]
[SourceQuality "1"]
[TimeControl "40/5400+30:1800+30"]

1. e4 {[%emt 0:00:00]} c5 {[%emt 0:00:00]} 2. Nf3 {[%emt 0:00:00]} a6 {[%emt 0:00:00]} 3. Be2 {[%emt 0:04:13]} e6 {[%emt 0:04:36]} 4. d4 {[%emt 0:01:54]} cxd4 {[%emt 0:00:35]} 5. Nxd4 {[%emt 0:00:04]} Nf6 {[%emt 0:01:33]} 6. Qd3 {[%emt 0:03:41]} d5 {[%emt 0:32:32]} 7. exd5 {[%emt 0:02:17]} Nxd5 {[%emt 0:00:56]} 8. O-O {[%emt 0:11:06]} Qc7 {[%emt 0:06:58]} 9. Bf3 {[%emt 0:05:45]} Nb4 {[%emt 0:00:38]} 10. Qc3 {[%emt 0:07:51]} Qxc3 {[%emt 0:06:15]} 11. Nxc3 {[%emt 0:00:26]} Bc5 {[%emt 0:01:34]} 12. a3 {[%emt 0:01:38]} N4c6 {[%emt 0:03:16]} 13. Nb3 {[%emt 0:01:43]} Be7 {[%emt 0:00:49]} 14. Be3 {[%emt 0:03:42]} Nd7 {[%emt 0:07:12]} 15. Rad1 {[%emt 0:06:19]} Nde5 {[%emt 0:04:11]} 16. Be2 {[%emt 0:01:38]} b5 {[%emt 0:01:17]} 17. Ne4 {[%emt 0:03:43]} O-O {[%emt 0:05:21]} 18. Nec5 {[%emt 0:12:17]} f5 {[%emt 0:05:40]} 19. f4 {[%emt 0:05:38]} Nc4 {[%emt 0:00:12]} 20. Bc1 {[%emt 0:00:30]} e5 {[%emt 0:06:24]} 21. fxe5 {[%emt 0:05:16]} N6xe5 {[%emt 0:00:23]} 22. Rd5 {[%emt 0:03:57]} Bf6 {[%emt 0:02:20]} 23. Nd4 {[%emt 0:01:56]} Nb6 {[%emt 0:00:24]} 24. Rxe5 {[%emt 0:05:06]} Bxe5 {[%emt 0:00:08]} 25. c3 {[%emt 0:00:10]} Bd6 {[%emt 0:05:06]} 26. Ndb3 {[%emt 0:01:26]} Nc4 {[%emt 0:00:44]} 27. Bf3 {[%emt 0:01:17]} Ra7 {[%emt 0:00:39]} 28. Bd5+ {[%emt 0:00:44]} Kh8 {[%emt 0:00:10]} 29. Ne6 {[%emt 0:00:31]} Bxe6 {[%emt 0:01:24]} 30. Bxe6 {[%emt 0:00:02]} f4 {[%emt 0:01:35]} 31. Nd4 {[%emt 0:00:36]} Re7 {[%emt 0:01:16]} 32. Bh3 {[%emt 0:03:13]} Bc5 {[%emt 0:01:08]} 33. Kh1 {[%emt 0:01:26]} Bxd4 {[%emt 0:00:29]} 34. cxd4 {[%emt 0:00:01]} Ne3 {[%emt 0:00:28]} 35. Rf3 {[%emt 0:01:33]} Nf5 {[%emt 0:00:29]} 36. Bd2 {[%emt 0:01:17]} Nxd4 {[%emt 0:00:20]} 37. Rd3 {[%emt 0:00:01]} Nc2 {[%emt 0:00:47]} 38. Kg1 {[%emt 0:00:42]} g5 {[%emt 0:00:38]} 39. Bc3+ {[%emt 0:00:28]} Kg8 {[%emt 0:00:07]} 40. Rd2 {[%emt 0:00:00]} Ne3 {[%emt 0:00:00]} 41. Bb4 {[%emt 0:01:07]} Rc7 {[%emt 0:07:35]} 42. Be6+ {[%emt 0:03:18]} Kg7 {[%emt 0:00:24]} 43. Bxf8+ {[%emt 0:00:11]} Kxf8 {[%emt 0:00:04]} 44. h3 {[%emt 0:02:28]} Ke7 {[%emt 0:04:57]} 45. Bb3 {[%emt 0:00:50]} Rd7 {[%emt 0:03:24]} 46. Re2 {[%emt 0:01:57]} Kf6 {[%emt 0:01:13]} 47. Kf2 {[%emt 0:00:32]} h5 {[%emt 0:03:39]} 48. g3 {[%emt 0:01:08]} Rd3 {[%emt 0:01:10]} 49. gxf4 {[%emt 0:03:28]} gxf4 {[%emt 0:00:18]} 50. Ba2 {[%emt 0:01:30]} Rd1 {[%emt 0:00:31]} 51. Kf3 {[%emt 0:03:39]} Ke5 {[%emt 0:02:13]} 52. Rh2 {[%emt 0:00:42]} Rf1+ {[%emt 0:03:04]} 53. Ke2 {[%emt 0:00:02]} Ke4 {[%emt 0:00:13]} 54. Bf7 {[%emt 0:00:25]} f3+ {[%emt 0:00:44]} 55. Kd2 {[%emt 0:00:05]} h4 {[%emt 0:00:44]} 56. Bh5 {[%emt 0:00:33]} Kf4 {[%emt 0:00:24]} 57. Kc3 {[%emt 0:00:53]} f2 {[%emt 0:04:26]} 58. Be2 {[%emt 0:00:37]} Kg3 {[%emt 0:00:44]} 59. Kd4 0-1